Normal view
MARC view
- Family-owned business enterprises
Entry Topical Term
001 - CONTROL NUMBER
- control field: 11975
003 - CONTROL NUMBER IDENTIFIER
- control field: NUST
005 - DATE AND TIME OF LATEST TRANSACTION
- control field: 20180724071539.0
008 - FIXED-LENGTH DATA ELEMENTS
- fixed length control field: 180724|| aca||aabn | a|a d
040 ## - CATALOGING SOURCE
- Original cataloging agency: NUST
- Transcribing agency: NUST
150 ## - HEADING--TOPICAL TERM
- Topical term or geographic name entry element: Family-owned business enterprises
- Form subdivision: Fiction.
670 ## - SOURCE DATA FOUND
- Source citation: Work cat.: (NUST)173318: Le Carré, John, 1931- 11818, Single & single :, 1999.
